| 000 | 01392nam a22002417a 4500 | ||
|---|---|---|---|
| 001 | 77838 | ||
| 003 | BD-RjUL | ||
| 005 | 20221212131309.0 | ||
| 008 | 210126b2001 ua ||||| |||| 00| 0 ara d | ||
| 035 | _a(BD-RjUL)78064 | ||
| 040 |
_aBD-RjUL _beng _cBD-RjUL |
||
| 041 | _aeng | ||
| 082 |
_223 _a297.1226 _bBAR 2001 |
||
| 100 |
_a البغدادي, أبي الفضل شهاب الدين السيد محمود الالوسي Baghdadi, Abi Al-Fadl Shihab Al-Din Al-Sayyid Mahmoud Al-Alousi _9243935 |
||
| 245 |
_aروح المعاني : في تفسير القرآن العظيم والسبع المثاني Ruhul ma'ni : fi tafsir al-quran al azim wa al-sabil al masani // _c Aأبي الفضل شهاب الدين السيد محمود الالوسي البغدادي Abi Al-Fadl Shihab Al-Din Al-Sayyid Mahmoud Al-Alousi Al-Baghdadi |
||
| 250 | _a2nd. ed. | ||
| 260 |
_aCairo : _bMaktubatut tawfikia, _c2001 |
||
| 300 |
_a14 v. ; _c24 cm |
||
| 500 | _aIncludes Index | ||
| 505 | _aVol. 1.al fatiha- al baqara.--v.2.al baqra-Al Imran.--v-3.Al Imran-al Nisa.--v.4.al nisa-al anam.--v.5.al anam-al anfal.--v.6. al anfal-hud.--v.7.al hud-al Ibrahim.--v.8.al hizir-al kahaf.--v.9.al kahaf-al haz.--v.10.al mu'men-al namal.--v.11.al namal-yasin.--v.12.al yasin -zasia.--v.13.al zasia-mulk.--v.14.al mulk-al nas | ||
| 650 |
_aQuran _vInterpretation & Criticism _9243936 |
||
| 942 |
_2ddc _cBK |
||
| 999 |
_c77838 _d77838 |
||